<?xml version="1.0" encoding="UTF-8"?>
<collection xmlns:xsi="http://www.w3.org/2001/XMLSchema-instance" xsi:schemaLocation="http://www.loc.gov/MARC21/slim http://www.loc.gov/standards/marcxml/schema/MARC21slim.xsd" xmlns="http://www.loc.gov/MARC21/slim">
 <record>
  <leader>00000cam a22000004i 4500</leader>
  <controlfield tag="001">UP-99796217613785497</controlfield>
  <controlfield tag="003">Buklod</controlfield>
  <controlfield tag="005">20230503071306.0</controlfield>
  <controlfield tag="006">a     r    |||| u|</controlfield>
  <controlfield tag="007">ta</controlfield>
  <controlfield tag="008">150312s2016    nyua    rb   |001 0|eng d</controlfield>
  <datafield tag="020" ind1=" " ind2=" ">
   <subfield code="a">9781462522880 (paperback)</subfield>
  </datafield>
  <datafield tag="035" ind1=" " ind2=" ">
   <subfield code="a">(iLib)UPD-00524274698</subfield>
  </datafield>
  <datafield tag="037" ind1=" " ind2=" ">
   <subfield code="a">SS-12061</subfield>
   <subfield code="b">Golden Books</subfield>
   <subfield code="c">Php5,450.00</subfield>
   <subfield code="n">Psychology</subfield>
  </datafield>
  <datafield tag="040" ind1=" " ind2=" ">
   <subfield code="a">DLC</subfield>
   <subfield code="d">DMLS</subfield>
   <subfield code="e">rda</subfield>
  </datafield>
  <datafield tag="041" ind1=" " ind2=" ">
   <subfield code="a">eng</subfield>
  </datafield>
  <datafield tag="042" ind1=" " ind2=" ">
   <subfield code="a">DMLUC</subfield>
  </datafield>
  <datafield tag="090" ind1=" " ind2=" ">
   <subfield code="a">RC 554</subfield>
   <subfield code="b">I58 2016</subfield>
  </datafield>
  <datafield tag="245" ind1="0" ind2="0">
   <subfield code="a">Integrated treatment for personality disorder</subfield>
   <subfield code="b">a modular approach</subfield>
   <subfield code="c">edited by W. John Livesley, Giancarlo Dimaggio, John F. Clarkin.</subfield>
  </datafield>
  <datafield tag="264" ind1=" " ind2="1">
   <subfield code="a">New York</subfield>
   <subfield code="b">The Guilford Press</subfield>
   <subfield code="c">[2016]</subfield>
  </datafield>
  <datafield tag="300" ind1=" " ind2=" ">
   <subfield code="a">xviii, 478 pages</subfield>
   <subfield code="b">illustrations</subfield>
   <subfield code="c">25 cm</subfield>
  </datafield>
  <datafield tag="336" ind1=" " ind2=" ">
   <subfield code="a">text</subfield>
   <subfield code="2">rdacontent</subfield>
  </datafield>
  <datafield tag="337" ind1=" " ind2=" ">
   <subfield code="a">unmediated</subfield>
   <subfield code="2">rdamedia</subfield>
  </datafield>
  <datafield tag="338" ind1=" " ind2=" ">
   <subfield code="a">volume</subfield>
   <subfield code="2">rdacarrier</subfield>
  </datafield>
  <datafield tag="504" ind1=" " ind2=" ">
   <subfield code="a">Includes bibliographical references and index.</subfield>
  </datafield>
  <datafield tag="505" ind1="0" ind2=" ">
   <subfield code="a">Why integrated treatment? : general principles of therapeutic change / W. John Livesley, Giancarlo Dimaggio &amp; John F. Clarkin -- A general framework for integrated modular treatment / W. John Livesley &amp; John F. Clarkin -- Diagnosis and assessment / W. John Livesley &amp; John F. Clarkin -- Formulation and treatment planning / John F. Clarkin &amp; W. John Livesley -- Establishing a treatment framework and therapeutic alliance / Paul S. Links, Deanna Mercer &amp; Jon Novick -- A relational approach to personality disorder and alliance rupture / Sumru Tufekcioglu &amp; J. Christopher Muran -- The role of mentalization in treatments for personality disorder / Anthony W. Bateman &amp; Peter Fonagy -- Improving metacognition by accessing autobiographical memories / Giancarlo Dimaggio, Raffaele Popolo, Antonino Carcione &amp; Giampaolo Salvatore -- Managing suicidal and other crises / Paul S. Links &amp; Yvonne Bergmans -- Psychopharmacological considerations in integrated modular treatment / Kenneth R. Silk &amp; Robert O. Friedel -- A modular strategy for treating emotional dysregulation / W. John Livesley -- Treating emotional schemas / Robert L. Leahy -- Adapting mindfulness for treating personality disorder / Paolo Ottavi, Tiziana Passarella, Manuela Pasinetti, Giampaolo Salvatore &amp; Giancarlo Dimaggio -- Treating maladaptive interpersonal signatures / Nicole M. Cain &amp; Aaron L. Pincus -- Promoting radical openness and flexible-control / Thomas R. Lynch, Roelie J. Hempel &amp; Lee Anna Clark -- Treatment of violence-prone individuals with psychopathic personality traits / Stephen C. P. Wong -- Enriching self-narratives : advanced phases of treatment / Giancarlo Dimaggio, Raffaele Popolo, Antonino Carcione, Giampaolo Salvatore &amp; William B. Stiles -- Strategies for constructing a more adaptive self system / John F. Clarkin, Frank Yeomans, Chiara De Panfilis &amp; Kenneth N. Levy -- Promoting integration between different self-states through ongoing reformulation / Giampaolo Salvatore, Raffaele Popolo, &amp; Giancarlo Dimaggio -- A case study of integrated treatment / John F. Clarkin, W. John Livesley &amp; Giancarlo Dimaggio -- A final review of integrated modular treatment for personality disorders / John F. Clarkin, W. John Livesley &amp; Giancarlo Dimaggio.</subfield>
  </datafield>
  <datafield tag="650" ind1=" " ind2="0">
   <subfield code="a">Personality Disorders</subfield>
   <subfield code="x">Therapy.</subfield>
  </datafield>
  <datafield tag="650" ind1=" " ind2="0">
   <subfield code="a">Psychotherapy</subfield>
   <subfield code="x">Methods.</subfield>
  </datafield>
  <datafield tag="700" ind1="1" ind2=" ">
   <subfield code="a">Livesley, W. John</subfield>
   <subfield code="e">editor.</subfield>
  </datafield>
  <datafield tag="700" ind1="1" ind2=" ">
   <subfield code="a">Dimaggio, Giancarlo</subfield>
   <subfield code="e">editor.</subfield>
  </datafield>
  <datafield tag="700" ind1="1" ind2=" ">
   <subfield code="a">Clarkin, John F.</subfield>
   <subfield code="e">editor.</subfield>
  </datafield>
  <datafield tag="842" ind1=" " ind2=" ">
   <subfield code="a">Book</subfield>
  </datafield>
  <datafield tag="905" ind1=" " ind2=" ">
   <subfield code="a">FO</subfield>
  </datafield>
  <datafield tag="852" ind1="0" ind2=" ">
   <subfield code="a">UPD</subfield>
   <subfield code="b">DMLS</subfield>
   <subfield code="h">RC 554</subfield>
   <subfield code="i">I58 2016</subfield>
  </datafield>
  <datafield tag="942" ind1=" " ind2=" ">
   <subfield code="a">Book</subfield>
  </datafield>
 </record>
</collection>
